000
00352 a2200169 4500
001
190766
020
_a
85-85672-36-6
040
_c
Magnum
100
_a
Barreto, Antonio
240
1
0
_a
Lua no varal
_l
por
245
1
0
_a
Lua no varal
300
_a
56
362
0
_a
1998
440
1
_a
Miguilim
697
_a
LITERATURA INFANTO-JUVENIL
942
_c
BK
999
_c
190766
_d
190766